| 000 | 00875nam a22002295i 4500 | ||
|---|---|---|---|
| 001 | 68523 | ||
| 003 | ES-MaACL | ||
| 005 | 20251004063113.0 | ||
| 007 | t| | ||
| 008 | 991215s1884 ua ||||1| spa d | ||
| 040 |
_aCCPB | B _bspa _cCCPB | B |
||
| 080 | _a821.134.2-14"18" | ||
| 100 | 1 |
_aOlloqui, Emilio, _d1821-1893 _9130642 |
|
| 245 | 1 | 0 | _aObras poéticas de Emilio García de Olloqui. |
| 260 |
_aAlessandria d'Egitto : _b[s.n.], _c1884 ( _fTipo-Litografia V. Penasson) |
||
| 300 |
_a3 v. ; _c25 cm. |
||
| 505 | 8 | _aContiene: T. I. Los gódos : poema épico (732, XXV p.) -- T. II. Poesía Lírica. (373, V p.) -- T. III. Poesía narrativa (383, V p.) | |
| 530 | _aDisponible en formato digital. | ||
| 852 |
_aES-MaACL _jG-9968-70 |
||
| 856 |
_uhttp://bdh-rd.bne.es/viewer.vm?id=0000005163&page=1 _zBiblioteca Digital Hispánica |
||
| 999 |
_c68523 _d68523 |
||